| 000 | 00974cam a22003017a 4500 | ||
|---|---|---|---|
| 003 | CHAP | ||
| 005 | 20220817043447.0 | ||
| 008 | 980703d1998 mx ab r 00110 spa d | ||
| 010 | _a75868 | ||
| 011 | _a76840 | ||
| 020 | _a968297531X | ||
| 035 | _a86431 | ||
| 040 | _cCHAP | ||
| 082 | 0 | 4 |
_a972 _bI52 |
| 110 | 2 |
_aInstituto Nacional Indigenista. México _959400 |
|
| 245 | 1 | 0 |
_aInstituto Nacional Indigenista 1989-1994 _c/por Instituto Nacional Indigenista |
| 260 |
_aMéxico, D.F. : _bInstituto Nacional Indigenista, _c1994. |
||
| 300 |
_a288 p. : _bilus. ; gráfs. ; mapas |
||
| 590 |
_aBATCH-UPD _b10 _c20130110 _lUCH01 _h2038 |
||
| 590 |
_aBATCH-UPD _b10 _c20130410 _lUCH01 _h1352 |
||
| 590 |
_aBATCH-UPD _b10 _c20130914 _lUCH01 _h1632 |
||
| 590 |
_aCONVERSION _b10 _c20130109 _lUCH01 _h1341 |
||
| 650 | 1 | 4 | _aIndios de México. |
| 901 | _aBK | ||
| 905 | _aAlejandra Carrasco M. | ||
| 942 | _cLIBRO | ||
| 949 |
_a972 I52 _bBC _cLIBRO _d33724000638649 _eLIBRO _h93701 _i86431 _si |
||
| 999 |
_c75868 _d75868 |
||